Ad casus conscientiae de mandato olim...

Bibliographic Details
Format: Book
Language:Undetermined
PhysicalDescription:208 s.
Published: Tyrnaviae Typis Collegii Academici Societatis Jesu 1766

MARC

LEADER 00000nam a2200000 a 4500
001 vtls001393933
003 SK-MaSNL
005 20260224023408.0
008 180810s1766 xx 0 und
035 |a SNK000348250 
040 |a SNK  |b slo  |c SNK  |e AACR2 
041 0 |a und 
044 |a xx 
245 1 |a Ad casus conscientiae de mandato olim... 
260 |a Tyrnaviae  |b Typis Collegii Academici Societatis Jesu  |c 1766 
300 |a 208 s. 
958 |a ONDV 
999 |c 810417  |d 812347 
952 |t P60, <04>, [BOOK], {604}  |a SNK  |b SNK  |y VYP  |7 0  |o snkSC 10900/2-4 D3  |0 0  |1 0  |4 0  |d 2000-08-03  |l 0  |r 2005-01-02 00:00:00  |w 2026-02-24